| 000 | 03090cam a2200385 a 4500 | ||
|---|---|---|---|
| 001 | 15690770 | ||
| 003 | OSt | ||
| 005 | 20260429143907.0 | ||
| 008 | 090407s2008 enka 001 0 eng | ||
| 010 | _a 2009277802 | ||
| 015 |
_aGBA8A3025 _2bnb |
||
| 016 | 7 |
_a014702164 _2Uk |
|
| 020 |
_a9780500342749 _qhbk. |
||
| 020 |
_a0500342482 _qhbk. |
||
| 035 | _a15690770 | ||
| 035 | _a(OCoLC)227016790 | ||
| 040 |
_aUKM _cFoundation University |
||
| 042 | _alccopycat | ||
| 050 | 0 | 0 |
_aNA 200 _b.P79 2008 |
| 100 | 1 |
_aPryce, Will. _915687 |
|
| 245 | 1 | 0 |
_aWorld architecture : _bthe masterworks / _cWill Pryce. |
| 260 |
_aLondon: _bThames & Hudson, _c2008 |
||
| 264 | _42008 | ||
| 300 |
_a313 p. : _bcol. ill. ; _c32 cm. _3books _fbooks |
||
| 336 |
_atext _btxt _2rdacontent _3books |
||
| 337 |
_aunmediated _bn _2rdamedia _3books |
||
| 338 |
_avolume _bnc _2rdacarrier _3books |
||
| 500 | _aIncludes index. | ||
| 505 | 0 | _aPt. 1. Up to 1500: Hagia Sophia Istanbul Turkey -- Palatine Chapel Aachen Germany -- Loro Jonggrang Prambanan Java -- Kandariya Mahadeva Temple Khajuraho India -- Abbey Church of Sainte-Foy Conques France -- Pisa Cathedral, Baptistry and Tower Pisa Italy -- Friday Mosque Isfahan Iran -- Catherdral of Santiago Santiago de Compostela Spain -- Ely Cathedral Ely England -- Durham Cathedral Durham England -- Modena Cathedral Modena Italy -- Angkor Wat Angkor Cambodia -- Canterbury Cathedral Canterbury England -- Laon Cathedral Laon France -- Wells Cathedral Wells England -- Bourges Cathedral Bourges France -- Htilominio Temple Pagan Burma -- Reims Cathedral Reims France -- Amiens Cathedral Amiens France -- Burgos Cathedral Burgos Spain -- Registan Samarkand Uzbekistan -- Forbidden City Beijing China -- King's College Chapel Cambridge England -- pt. 2. After 1500: Santa Maria della Consolazione Todi Italy -- Süleymaniye Mosque Istanbul Turkey -- Agra Fort Agra India -- Humayun's Tomb Delhi India -- San Giorgio Maggiore Venice Italy -- Selimiye Mosque Edirne Turkey -- Golden Temple Amritsar India -- Blue Mosque Isfahan Iran -- Shah Mosque Isfahan Iran -- Itmad-Ud-Daulah's tomb Agra India -- Santa Maria della Salute Venice Italy -- Tah Mahal Agra India -- San Carlo alle Quattro Fontane Rome Italy -- Jama Masjid Delhi India -- St Paul's Cathedral London England -- Chatsworth House Derbyshire England -- Blenheim Palace Oxfordshire England -- Cathedral of the Transfiguration Kizhi Russia -- Basilica of the Vierzehnheiligen near Bamberg Germany -- Pilgrimage Church Wies Germany -- Houses of Parliament London England -- Galss House New Canaan USA -- Notre-Dame du Haut Ronchamp France -- Seagram Building New York USA -- Salk Institute La Jolla USA -- Guggenheim Museum Bilbao Spain. | |
| 650 | 0 |
_aArchitecture _xHistory. _915688 |
|
| 906 |
_a7 _bcbc _ccopycat _d2 _encip _f20 _gy-gencatlg |
||
| 942 |
_2lcc _cBK _hNA 200 _i.2008 P79 _k(DAFA-Arch) |
||
| 999 |
_c5811 _d5811 |
||